Normal view
MARC view
Entry Meeting Name
001 - CONTROL NUMBER
- control field: 38779
003 - CONTROL NUMBER IDENTIFIER
- control field: ARRUPE
005 - DATE AND TIME OF LATEST TRANSACTION
- control field: 20180119111655.0
008 - FIXED-LENGTH DATA ELEMENTS
- fixed length control field: 180119|| aca||aabn | a|a d
040 ## - CATALOGING SOURCE
- Original cataloging agency: ARRUPE
- Transcribing agency: ARRUPE
111 ## - HEADING--MEETING NAME
- Meeting name or jurisdiction name as entry element: Vatican Council
- Number of part/section/meeting: (2nd :
- Date of meeting: 1962-1965 :
- Location of meeting: Basilica di San Pietro in Vaticano).
- Title of a work: Constitutio pastoralis de ecclesia in mundo huius temporis.
670 ## - SOURCE DATA FOUND
- Source citation: Work cat.: (ARRUPE)0: Congar, Yves, 1904-1995. 848, L'Église dans le monde de ce temps,, 1967.